000 00824nam a2200181Ia 4500
008 100921s9999 xx 000 0 und d
082 _b3846
_a909 थ 51
100 _aनेहरू पंडित जवाहरलाल .अनु भावे शिवराम गोविंद.
245 _aजागतिक इतिहासाचे ओझरते दर्शन.
260 _bसुलभ राष्ट्रीय ग्रंथमाला,पुणे.
_c1951
300 _a367
_b---
365 _b7.5
520 _aइतिहास-जग.
630 _aजागतिक इतिहासाचे ओझरते दर्शन.
650 _aइतिहास-जग.
730 _aजागतिक इतिहासाचे ओझरते दर्शन.
942 _cBOOK
999 _c752959
_d752956